Movies Quiz

Random Movies or Clickable Quiz

Follow That Line: Ghostbusters Quiz Stats

 Plays Quiz Updated Aug 24, 2012

Challenge
Share
Tweet
Embed
Score 0/20 Timer 12:00
37 Plays Today
% Correct
I collect spores, molds, and fungus.
95.7%
It would be bad.
94.4%
My name is 'Peck.'
94%
She's not my girlfriend. I find her interesting because she's a client and because she sleeps above her covers.
93.8%
Ray, when someone asks you if you're a god, you say 'Yes!'
93.8%
I've got hundreds of people dying to abuse me.
93.5%
You're right, no human being would stack books like this.
93.4%
No, we're exterminators. Someone saw a cockroach up on 12.
92.8%
What he means is Old Testament, Mr. Mayor. Real 'wrath of God' type stuff.
92.4%
We got one!
89.5%
% Correct
Yes. Actually I'm a friend of his. He asked me to meet him here.
89%
That would have worked if you hadn't stopped me.
88.4%
I love this plan! I'm excited to be a part of it. Let's do it!
86.7%
Real nasty one, too!
85.5%
Sumerian, not Babylonian.
85.4%
It's the Stay-Puft Marshmallow Man.
85.1%
Mass hysteria!
82%
Sorry, Venkman, I'm terrified beyond the capacity for rational thought.
79%
Oh, I get it. Real cute! Whatever we think of- if we think of J. Edgar Hoover, J. Edgar Hoover will appear and destroy us, okay?
77.9%
The nice lady who paid us in advance before she became a dog.
77.2%

You're not logged in!

Compare scores with friends on all Sporcle quizzes.
OR
Log In

You Might Also Like...

Show Comments

Extras

Top Quizzes Today


Score Distribution

Your Account Isn't Verified!

In order to create a playlist on Sporcle, you need to verify the email address you used during registration. Go to your Sporcle Settings to finish the process.

Report this User

Report this user for behavior that violates our Community Guidelines.

Details: